[Event "Rasht Khazar op 10th"]
[Site "Rasht"]
[Date "2012.03.03"]
[Round "5"]
[White "Moosavian, S Hamed"]
[Black "Benidze, Davit"]
[Result "1-0"]
[WhiteElo "2343"]
[BlackElo "2530"]
[Annotator "CB"]
[PlyCount "77"]
[EventDate "2012.02.29"]
[EventType "swiss"]
[EventRounds "11"]
[EventCountry "IRI"]
[SourceTitle "CBM 147 Extra"]
[Source "ChessBase"]
[SourceDate "2012.04.24"]
[SourceVersion "1"]
[SourceVersionDate "2012.04.24"]
[SourceQuality "1"]

1. e4 d6 2. d4 g6 3. Nc3 Bg7 4. Bc4 Nf6 5. Qe2 O-O 6. e5 Ne8 7. f4 Nc6 8. Be3
e6 9. Nf3 a6 10. g4 b5 11. Bd3 Nb4 12. Be4 Rb8 13. h4 f5 14. gxf5 gxf5 15. Bd3
Nxd3+ 16. cxd3 b4 17. Nd1 Bb7 18. Rg1 dxe5 19. dxe5 Qd5 20. Rg3 h6 $2 21. b3 $6
(21. Rc1 $142 $18) 21... Rd8 $2 (21... Kh8 $142) 22. Nb2 $18 Rf7 $2 23. Rc1 $6
$16 (23. O-O-O $18) 23... Qa5 $2 (23... Kh7 $16) 24. Na4 Bxf3 25. Qxf3 Rd5 (
25... Qd5 $142) 26. Qh5 Rxe5 27. fxe5 Qxe5 28. Qg6 f4 29. d4 Qb5 30. Rf3 Rf6
31. Qe4 Nd6 $2 32. Qe5 Qb7 33. d5 $2 (33. Rxf4 $142) 33... Nf7 34. Qxc7 Qxd5
35. Qc8+ Kh7 36. Qc2+ Kh8 37. Rxf4 Ne5 38. Rd1 Nf3+ 39. Kf2 1-0

[Event "Olympiad-39"]
[Site "Khanty-Mansiysk"]
[Date "2010.10.03"]
[Round "11.3"]
[White "Svidler, Peter"]
[Black "Salgado Lopez, Ivan"]
[Result "0-1"]
[WhiteElo "2731"]
[BlackElo "2595"]
[Annotator "CB"]
[PlyCount "72"]
[EventDate "2010.09.21"]
[EventType "team-swiss"]
[EventRounds "11"]
[EventCountry "RUS"]
[SourceTitle "CBM 139"]
[Source "ChessBase"]
[SourceDate "2010.11.18"]
[SourceVersion "1"]
[SourceVersionDate "2010.11.18"]
[SourceQuality "1"]
[WhiteTeam "Russia"]
[BlackTeam "Spain"]
[WhiteTeamCountry "RUS"]
[BlackTeamCountry "ESP"]

1. e4 d6 2. d4 Nf6 3. Nc3 e5 4. Nge2 Nbd7 5. g3 Be7 6. Bg2 c6 7. a4 b6 8. O-O
a6 9. h3 h5 10. Be3 Bb7 11. Nc1 {Previously know were Qd2 and f4.} O-O 12. Nd3
Qc7 13. f4 b5 {#} 14. Nf2 $6 {The purpose behind this strange looking move is
that white doesn't want to be forced to give up the bishop pair after} (14. Z0
exd4 15. Bxd4 c5 {and if white withdraws with} 16. Bf2 b4 17. Nd5 Nxd5 18. exd5
Nf6 {he would stand worse.}) 14... Rfe8 15. g4 $6 {A dubious choice. White
wants to start a kingside flank attack with the pawns, but the conditions are
really against it right now: the center is not stable, much less under control,
and his pieces aren't even well positioned to undertake kingside action.} hxg4
16. hxg4 b4 17. Ne2 exd4 18. Qxd4 c5 19. Qd3 d5 $1 20. e5 Ne4 21. Nxe4 dxe4 22.
Qd1 (22. Bxe4 $2 c4 23. Qd4 Bc5) 22... Rad8 23. Qc1 {#} f6 $1 {A gutsy
decision as it will allow white to cement a passed pawn on e6. If the game
goes into an endgame, it could easily be decisive. However, analysis suggests
that Salgado's judgment was right on the money.} 24. e6 Nb6 25. f5 Nd5 26. Nf4
c4 27. Nxd5 Rxd5 $1 {#} 28. Bf4 {White is short of good options by now.} (28.
Qe1 {was white's alternative, but after} b3 29. Rc1 bxc2 30. Rxc2 Rd3 31. Re2 {
Forced as the threat was Rxe3 followed by Bc5.} Bd6 $1 32. Bf2 (32. Qh4 Rxe3
33. Rxe3 Bc5 34. Qf2 (34. Qh3 Rd8 35. Kh1 Bxe3 36. Qxe3 Rd3) 34... Rd8 35. Rfe1
Rd3 36. Bf1 Rxe3 37. Rxe3 Bd5 38. Kg2 Qe5 39. Qe2 Bxe3 40. Qxe3 Qxb2+ 41. Kg1
c3 {is better for black.}) (32. Kh1 $2 g5 33. fxg6 Bg3 34. Qc1 (34. Bf2 Kg7 $1
35. Bxe4 $2 Qf4 $3 {Threatening Qh6+ and mate.} 36. Kg1 Bh2+ 37. Kh1 Bxe4+ 38.
Rxe4 Qf3+ 39. Kxh2 Rh8+ 40. Bh4 Rd2+) 34... Kg7 $1 {and the threat of Rh8
decides it much like the game continuation.}) 32... g5 $1) ({The e4 pawn
cannot be taken as} 28. Bxe4 $2 {would get white mated after} Qg3+ 29. Bg2 Rd1)
28... Qb6+ 29. Kh2 {#} (29. Be3 {was also no good because of} Bc5 30. Re1 b3 $1
31. cxb3 (31. c3 Rd3 32. Bxc5 Qxc5+ 33. Kf1 Qe5 34. Re2 Qg3) 31... Rd3 32. Bxc5
Qxc5+ 33. Kf1 Qe5 34. Qxc4 Qg3) (29. Kh1 g5) 29... g5 $1 30. fxg6 (30. a5 {
changed nothing.} Qc5 31. Be3 Qc7+ 32. Kg1 Qg3 33. Bb6 (33. Bf2 Qxg4) 33... Bd6
34. Rf2 Bf4) 30... Qxe6 31. Kg3 Rg5 32. Bxg5 fxg5 33. Rf5 Bd6+ 34. Kf2 e3+ 35.
Kg1 Bxg2 36. Kxg2 Qe4+ (36... Qe4+ 37. Kh3 Kg7 38. Rf7+ Kxg6 {and Rh8 is mate.}
) 0-1

[Event "Grand Slam Final 5th"]
[Site "Sao Paulo/Bilbao"]
[Date "2012.09.25"]
[Round "2"]
[White "Vallejo Pons, Francisco"]
[Black "Carlsen, Magnus"]
[Result "0-1"]
[WhiteElo "2697"]
[BlackElo "2843"]
[Annotator "CB"]
[PlyCount "83"]
[EventDate "2012.09.24"]
[EventType "tourn"]
[EventRounds "10"]
[EventCountry "BRA"]
[EventCategory "22"]
[SourceTitle "CBM 151"]
[Source "ChessBase"]
[SourceDate "2012.11.13"]
[SourceVersion "1"]
[SourceVersionDate "2012.11.13"]
[SourceQuality "1"]

1. e4 d6 2. d4 Nf6 3. Nc3 e5 4. dxe5 ({Zur Hauptvariante der
Philidorverteidigung führt} 4. Nf3 Nbd7 5. Bc4 Be7 6. O-O O-O) 4... dxe5 5.
Qxd8+ Kxd8 6. Nf3 (6. Bg5 Be6 7. O-O-O+ Nbd7 8. Nf3 Bd6 {ist Zugumstellung.} (
8... Kc8 $5)) ({Die Alternative ist} 6. Bc4 Be6 (6... Ke8 $5) 7. Bxe6 fxe6)
6... Bd6 7. Bg5 Be6 8. O-O-O Nbd7 {Laut Datenbankstatistik macht Schwarz mit
dieser Position bemerkenswerte 64%} 9. Nb5 Ke7 10. Nxd6 cxd6 11. Bb5 ({Auf} 11.
Nd2 {folgt auch} h6 12. Bh4 g5 13. Bg3) 11... Rhd8 ({Bisher sah man hier} 11...
Nc5 {z.B.:} 12. Rhe1 a6 13. Bf1 Rac8 14. Kb1 b5 15. Nd2 h6 16. Bxf6+ Kxf6 $11 {
Rajkovic,L (2208)-Colovic,D (2356) Vrnjacka Banja 2007, 0-1 (43)}) 12. Nd2 h6
13. Bh4 g5 14. Bg3 a6 15. Bxd7 {Das Läuferpaar ist hier nichts wert.} Rxd7 16.
f3 Rc8 17. Kb1 Nh5 18. Nf1 ({Auch nach} 18. Bf2 Nf4 19. g3 Nh3 20. Be3 (20. Bb6
Rc6 21. Be3 f5) 20... f5 {liegt die Initiative bei Schwarz.}) 18... f5 19. exf5
Bxf5 20. Ne3 Bg6 21. Rd2 Ke6 22. b3 b5 23. Kb2 d5 {Fast zwangläufig ist Weiß
aus der Eröffnung heraus in eine passive Position geraten.} 24. Re1 Nxg3 25.
hxg3 h5 26. c3 {Schwarz drohte b5-b4 oder d5-d4 und das Feld c3 wird schwach.}
d4 27. cxd4 Rxd4 28. Rxd4 exd4 {mit der kleinen Pointe, dass Weiß keinen
wirksamen Springerabzug hat.} 29. Nc2+ (29. Nc4+ Kf6 {und der Springer gerät
auf Abwege.} (29... Kd5 $4 30. Nb6+)) 29... Kd5 30. Nb4+ Kd6 31. Rc1 (31. Nxa6
Rc2+ 32. Ka3 Rxg2 {und die weißen Königsflügelbauern fallen.}) 31... Rxc1
32. Kxc1 h4 33. gxh4 gxh4 34. Nxa6 ({Die Alternative war} 34. Kd2 a5 (34... Ke5
35. Ke2 Kf4 36. Kf2 a5 37. Nd5+ Ke5 38. Ne7 Be8 {reicht wohl auch für Schwarz.
}) 35. Nc2 (35. Nd3 Bxd3 36. Kxd3 Ke5 $19) 35... Bxc2 36. Kxc2 {mit gewonnenem
Bauernendspiel für Schwarz.} Ke5 37. Kd3 Kf4 38. Kxd4 Kg3 $19) 34... Bd3 35.
Nb4 Bf1 36. Kd2 Bxg2 37. Ke2 Bh3 38. a4 (38. Nd3 Bf5 39. Nf2 b4 40. f4 h3 41.
Kf3 Kd5 42. Nd1 Bb1 $19) 38... Bf5 39. axb5 d3+ 40. Ke3 h3 41. Nxd3 Bxd3 42.
Kd4 0-1

[Event "AUT-ch"]
[Site "Voitsberg"]
[Date "1995.??.??"]
[Round "4"]
[White "Schlosser, Michael"]
[Black "Casagrande, Harald"]
[Result "0-1"]
[WhiteElo "2365"]
[BlackElo "2340"]
[Annotator "Casagrande,H"]
[PlyCount "64"]
[EventDate "1995.??.??"]
[EventType "tourn"]
[EventRounds "15"]
[EventCountry "AUT"]
[EventCategory "5"]
[SourceTitle "CBM 049 Extra"]
[Source "ChessBase"]
[SourceDate "1996.01.01"]
[SourceVersion "1"]
[SourceVersionDate "1996.01.01"]
[SourceQuality "1"]

1. e4 d6 2. d4 Nf6 3. Nc3 c6 4. f4 (4. a4 Qa5 5. Bd2 e5 6. dxe5 dxe5 7. Nd5 Qd8
8. Nxf6+ Qxf6 9. Nf3 Bg4 10. Bg5 Qxg5 $10 {Casper-Prybil, Jurmala 1987}) 4...
Qa5 5. Bd3 (5. e5 Ne4 6. Bd2 $5 Nxd2 (6... Nxc3 7. Bxc3 Qd5 8. Nf3 Bf5 9. Bd3
Bxd3 10. Qxd3 dxe5 11. fxe5 e6 12. Bd2 $14) 7. Qxd2 Bf5 (7... d5 8. Bd3 g6 9.
Nf3 Bg4 $13 {Prybil}) 8. Nf3 (8. Bd3 Bxd3 9. Qxd3 e6 10. Nf3 Qa6 $5 $13) 8...
g6 $6 9. exd6 $1 (9. Bd3 Bxd3 10. Qxd3 Qa6 $5 $13) 9... exd6 10. Bd3 Bxd3 11.
Qxd3 Be7 12. O-O O-O 13. Rfe1 Qd8 (13... Bf6 14. Ne4 Qd8 15. f5 $36) 14. Ne4 d5
15. Neg5 Bf6 (15... Nd7 16. h4 h6 17. Ne6 $1) (15... Kg7 16. Qb3 $1 b6 $8 17.
Qe3 Bxg5 18. Nxg5 h6 19. Nf3 Nd7 20. f5 $16) 16. h4 $1 h6 17. Nh3 Bxh4 18. Re3
$44 {@|^ Moskalenko-Agrest, Schweden 1992}) 5... e5 6. dxe5 (6. Nf3 Bg4 7. Be3
Nbd7 8. h3 $5 (8. O-O Be7 9. h3 Bxf3 (9... exf4) 10. Qxf3 O-O 11. Ne2 $1 c5 12.
dxe5 dxe5 13. Nc3 $1 $16 {Jakowitsch-Mokry, Pardubice 1994}) 8... Bxf3 9. Qxf3
Qb4 10. dxe5 dxe5 11. O-O-O Bc5 (11... Qa5 12. Bc4 (12. Bd2 $14 {Popescu})
12... exf4 13. Qxf4 Ne5 14. Rd5 $1 $16 {Popescu-Badea, Bukarest 1992})) 6...
dxe5 7. f5 b5 $5 8. Nf3 (8. Bd2 b4 {Lakos-Tschukowa, Szeged 1994} 9. Nce2 Qb6
$13) 8... Nbd7 9. O-O b4 10. Nb1 Nc5 11. Nxe5 Ncxe4 12. Ng4 (12. Nc4 Qd5) 12...
Nxg4 13. Bxe4 Qc5+ 14. Kh1 Ba6 15. Bxc6+ Qxc6 16. Re1+ Be7 17. Qxg4 O-O 18. Nd2
(18. Rxe7 Rfe8 19. Re3 h5 20. Qd1 (20. Qxh5 Qxc2 21. Nc3 $8 bxc3 22. bxc3 (22.
b3 Qf2 $19) 22... Qxc3 $1 $19) 20... Bb7 21. Qg1 Rxe3 22. Bxe3 Re8 23. Bf2 Qxc2
$19) 18... Rfe8 19. Ne4 Bb7 20. Bf4 Bf8 21. Ng5 Rxe1+ 22. Rxe1 Re8 23. Rxe8
Qxe8 24. Qd1 h6 25. Nf3 Qe4 26. Bb8 Qxf5 27. Bxa7 g5 28. h3 h5 29. Bb8 $138 (
29. Qd3 Be4 30. Qe3) 29... g4 30. hxg4 Qxg4 31. Bh2 $2 (31. Qe2 $142) 31... h4
32. Qe2 h3 0-1

[Event "Politiken Cup 18th"]
[Site "Copenhagen"]
[Date "1996.??.??"]
[Round "3"]
[White "Ward, Christopher"]
[Black "Glek, Igor Vladimirovich"]
[Result "1-0"]
[WhiteElo "2505"]
[BlackElo "2635"]
[Annotator "Chekhov,V"]
[PlyCount "63"]
[EventDate "1996.06.??"]
[EventType "swiss"]
[EventRounds "11"]
[EventCountry "DEN"]
[SourceTitle "CBM 054"]
[Source "ChessBase"]
[SourceDate "1996.10.01"]
[SourceVersion "1"]
[SourceVersionDate "1996.10.01"]
[SourceQuality "1"]

1. d4 d6 2. e4 Nf6 3. f3 d5 4. Nc3 (4. e5 $5) (4. exd5 Nxd5 5. c4 Nf6 6. Nc3 e6
7. Be3 Bb4 8. Nge2 O-O 9. a3 Be7 10. Qc2 Nbd7 11. O-O-O c6 $132 {Dlugy,M-Anand,
V/Wijk aan Zee/1990/0,5/12/}) 4... dxe4 (4... e6 5. Bg5 dxe4 6. fxe4 Be7 7. Nf3
O-O 8. Bd3 c5 9. dxc5 Nbd7 10. Qe2 Nxc5 11. O-O-O $13 {Ward,C-Anand,V/Oakham/
1990/0|1/30/}) 5. Bg5 h6 (5... exf3 6. Nxf3 e6 7. Bd3 Be7 8. O-O Nc6 9. Kh1 Nb4
10. Ne5 O-O 11. Bxf6 Bxf6 12. Bxh7+ Kxh7 13. Qh5+ Kg8 14. Ne4 g6 15. Nxg6 fxg6
16. Qxg6+ Bg7 17. Ng5 Rf6 18. Qh7+ Kf8 19. Qg6 Kg8 20. Qh7+ $10 {Ward,
C-Hodgson,J/ENG/1993/0,5/25/}) 6. Bxf6 exf6 7. Nxe4 f5 8. Nf2 c5 9. dxc5 (9. d5
Nd7 10. Bd3 Nf6 11. c4 Bd6 12. Ne2 Qc7 13. h3 O-O 14. O-O Re8 $10) 9... Qa5+
10. Qd2 Qxd2+ 11. Kxd2 Bxc5 12. Bb5+ Nc6 (12... Bd7 13. Bxd7+ Nxd7 14. Nd3 Bb6
15. Ne2 $14) 13. Nd3 Bb6 14. Ne2 O-O (14... Bd7 $5 15. Rhe1 O-O-O) 15. Bxc6 $5
bxc6 16. c4 Re8 (16... Rd8 $5 17. Kc3 Be3 18. Rhd1 Be6 19. Ne5 Rxd1 20. Rxd1
Rc8 21. Rd6 c5 22. Ra6 $6 (22. f4 $5 $16) 22... Rd8 $22 23. Rxa7 Rd2) 17. c5
Bc7 18. Nd4 Ba6 $6 (18... Bb7 19. Nxf5 $16) (18... Bd7 19. g3 (19. h3 Bg3 $132)
19... h5 20. Rhe1 h4 21. Rxe8+ Rxe8 22. f4 hxg3 23. hxg3 Re4 24. Kc3 Re3 25.
Rg1 f6 26. b4 g5 27. a4 Kf7 $132) 19. Nb4 Rad8 (19... Ba5 20. Ndxc6 Re2+ 21.
Kc3 Bxb4+ 22. Nxb4 $18) 20. Nbxc6 Rd5 21. b4 Bb5 (21... Be5 22. Rhe1 $18) 22.
Kc2 Bxc6 (22... Ba4+ 23. Kc3 Re3+ 24. Kc4 $18) 23. Nxc6 Re6 (23... Re2+ 24. Kb3
Rxg2 $4 25. Ne7+ $18) 24. Nxa7 $18 Re2+ 25. Kb3 Rdd2 26. a4 Rxg2 27. a5 Rd3+
28. Kc4 Rxf3 29. a6 Rb2 30. Nc6 Rf4+ 31. Kb5 Be5 32. Rhb1 (32. Nxe5 Rfxb4+ 33.
Kc6 $18) (32. Rhb1 Rxb1 33. Rxb1 $18) 1-0

[Event "Riga zt"]
[Site "Riga"]
[Date "1995.??.??"]
[Round "10"]
[White "Sokolovs, Andrei"]
[Black "Fridman, Daniel"]
[Result "0-1"]
[WhiteElo "2520"]
[BlackElo "2440"]
[Annotator "Chekhov,V"]
[PlyCount "86"]
[EventDate "1995.03.??"]
[EventType "tourn"]
[EventRounds "13"]
[EventCountry "LAT"]
[EventCategory "10"]
[SourceTitle "CBM 047"]
[Source "ChessBase"]
[SourceDate "1995.08.01"]
[SourceVersion "1"]
[SourceVersionDate "1995.08.01"]
[SourceQuality "1"]

1. e4 d6 2. d4 Nf6 3. Bd3 e5 4. c3 d5 $1 5. dxe5 Nxe4 6. Nf3 (6. Bxe4 $6 dxe4
7. Qa4+ Bd7 8. Qxe4 Bc6 9. Qg4 h5 10. Qh3 Qd7 $1) 6... Nc6 7. Qe2 (7. O-O Bg4
8. Bf4 Be7 9. h3 Bh5 10. Be2 $1 O-O 11. Nbd2 Nc5 12. Nb3 Ne6 13. Bg3 Qd7 14.
Qd2 Rad8 15. Rad1 $14 {Sokolov,A-van der Sterren,P/Thessaloniki/1984/1:0/48/})
(7. Nbd2 Nc5 8. Bb5 $5 Bd7 9. Qe2 a6 10. Bxc6 Bxc6 11. Nd4 Bd7 12. O-O Ne6 $1
13. a4 c5 14. Nxe6 Bxe6 15. f4 Qd7 $132 {Smirin,I-Chernin,A/Groningen/1993/0,5/
58/}) 7... Nc5 8. Bc2 Bg4 9. O-O Be7 $5 {N/} (9... Qd7 $5 10. Rd1 O-O-O $1 11.
b4 Ne6 12. Bb3 Bxf3 13. Qxf3 Nxe5 14. Qe3 Bd6 15. Qxa7 c6 $15 {Psakhis,
L-Chernin,A/Irkutsk/1983/0,5/16/}) 10. Rd1 a5 (10... O-O 11. b4 Ne6 12. Bb3)
11. Nbd2 Qd7 12. Nb3 a4 $1 (12... Ne6 13. Be4) 13. Nxc5 (13. Nbd4 Ne6) 13...
Bxc5 14. h3 Bh5 15. Bf4 Nd8 16. c4 (16. b4 $5 axb3 17. axb3 Rxa1 18. Rxa1 Ne6
19. Bh2) 16... d4 17. Bh2 O-O 18. Be4 Bg6 $10 19. Ne1 Bxe4 20. Qxe4 Qc6 21.
Qxc6 (21. Qe2 Ne6 22. Nd3 Rae8) 21... Nxc6 22. Nd3 Be7 23. Rac1 $6 (23. Kf1 $5)
(23. f4 $5) 23... Rfd8 24. Kf1 Nb4 $1 25. Nxb4 Bxb4 26. Ke2 $2 (26. a3 $5)
26... a3 $1 27. b3 d3+ $1 28. Kf3 (28. Rxd3 Rxd3 29. Kxd3 Rd8+ 30. Ke4 Rd2 $17)
28... d2 29. Rc2 Rd3+ 30. Ke2 Rd4 31. f3 Re8 $19 32. Ke3 c5 33. Ke2 f6 34. Bg3
b6 35. Bh2 h5 36. Kf1 h4 37. Ke2 (37. Bg1 Rxe5 $1 38. Bxd4 Re1+ $19) 37... Kf7
38. Kf1 Kg8 39. Ke2 Kf7 40. Kf1 g5 41. Ke2 Kg6 42. Kf1 f5 43. Bg1 Rxe5 0-1

[Event "Vladivostok"]
[Site "Vladivostok"]
[Date "1994.??.??"]
[Round "5"]
[White "Sveshnikov, Evgeny"]
[Black "Vorotnikov, Vladislav V"]
[Result "1-0"]
[WhiteElo "2585"]
[BlackElo "2465"]
[Annotator "Chekhov,V"]
[PlyCount "87"]
[EventDate "1994.??.??"]
[EventType "swiss"]
[EventRounds "9"]
[EventCountry "RUS"]
[SourceTitle "CBM 043 Extra"]
[Source "ChessBase"]
[SourceDate "1995.01.01"]
[SourceVersion "1"]
[SourceVersionDate "1995.01.01"]
[SourceQuality "1"]

1. e4 d6 2. d4 Nf6 3. f3 e5 4. dxe5 dxe5 5. Qxd8+ Kxd8 6. Bc4 Ke8 (6... Be6 $6
7. Bxe6 fxe6 8. Be3 $16 {Hertneck,G-Lutz,C/Munchen/1993/}) 7. Ne2 $5 $146 (7.
Bg5 Nbd7 8. Nd2 Be7 9. Ne2 Nb6 10. Bb3 Nfd7 $10 {Kortschnoi,V-Speelman,J/
Antwerpen/1993/}) (7. Be3 $5 Nbd7 8. Nd2 Bc5 9. Bg5 h6 10. Bh4 Be7 11. Bf2 Bc5
12. Nh3 {Kramnik,V-Speelman,J/Biel(izt)/1993/1:0/54/}) 7... Nbd7 8. Ng3 g6 $6 (
8... c6 9. Nf5 $140 b5 10. Bb3 Nc5 $10) 9. h4 h5 10. Be3 Bc5 11. Nf1 $14 c6 12.
Nbd2 Bxe3 (12... b5 13. Be2 Bxe3 14. Nxe3 Nc5 15. c4) 13. Nxe3 Ke7 14. Nb3 a5 (
14... Rd8 15. Rd1 b6) 15. a4 Ne8 (15... Rd8 $5 16. Rd1 Ne8 17. Kf2 Nd6) 16. Kf2
Nd6 17. Rhd1 b6 18. Rd2 Nxc4 19. Nxc4 Ra7 (19... Ba6 20. Rxd7+ $18) 20. Rad1
Ba6 21. Ne3 $16 Nc5 $2 (21... Nf6 $5) 22. Nxc5 bxc5 23. b3 f6 24. g3 Rc7 25.
Rd6 c4 (25... Rb8 26. f4) 26. bxc4 Bc8 27. c5 $18 Be6 28. Rb1 f5 29. exf5 gxf5
30. Rb6 Rd8 31. Rxd8 (31. Rbxc6 Rxc6 32. Rxc6 f4 $14) 31... Kxd8 32. Ra6 Kd7
33. Rxa5 Rb7 34. Ke2 f4 35. gxf4 exf4 36. Ng2 Rb4 37. Ra7+ Kc8 38. Ra8+ Kc7 39.
Rf8 Rc4 40. Nxf4 Rxc2+ 41. Kd3 Bb3 42. Ne6+ Kd7 43. Nd4 Rb2 44. Kc3 1-0

[Event "Vienna op"]
[Site "Vienna"]
[Date "1996.??.??"]
[Round "6"]
[White "Godena, Michele"]
[Black "Landa, Konstantin"]
[Result "0-1"]
[WhiteElo "2550"]
[BlackElo "2570"]
[Annotator "Chekhov,V"]
[PlyCount "60"]
[EventDate "1996.??.??"]
[EventType "swiss"]
[EventRounds "9"]
[EventCountry "AUT"]
[SourceTitle "CBM 053 Extra"]
[Source "ChessBase"]
[SourceDate "1996.09.01"]
[SourceVersion "1"]
[SourceVersionDate "1996.09.01"]
[SourceQuality "1"]

1. e4 c5 2. c3 d6 3. d4 Nf6 4. Bd3 e5 5. Nf3 Nc6 6. dxc5 dxc5 7. O-O Be7 8. Bg5
(8. Qe2 O-O 9. Nbd2 h6 10. Re1 Be6 11. Nf1 Re8 12. Ng3 Bf8 13. h3 a6 14. Nh2 g6
$10 {Godena,M-Kunze,M/Lugano/1989/0,5/18/}) (8. Na3 O-O 9. Nc4 Qc7 10. a4 Rd8
11. Qc2 h6 12. Ne3 Na5 13. Nd2 b6 14. Ndc4 Ba6 15. Be2 Nxc4 16. Bxc4 Bxc4 17.
Nxc4 a6 $10 {Okhotnik,V-Karpman,V/Uzhgorod/1987/0|1/55/}) 8... O-O 9. Qc2 Qc7
10. Nbd2 Nh5 $5 (10... h6 11. Bxf6 (11. Bh4 Nh5 12. Bg3 Nxg3 13. hxg3 Be6 $132)
11... Bxf6 12. Nc4 Be6 13. Ne3 Rad8 $10) 11. Be3 Be6 12. a3 (12. Bc4 Bxc4 13.
Nxc4 b5 14. Ncd2 Rad8 $15) 12... a6 13. b4 Rfd8 14. Ng5 (14. bxc5 Na5 $17)
14... Bxg5 15. Bxg5 Rd7 16. Rfd1 (16. Be2 Nf4 17. Bxf4 exf4 $36) 16... h6 17.
Be3 cxb4 18. cxb4 Rc8 19. Nf3 (19. Nb3 $2 Nxb4 20. Qxc7 Rcxc7 21. axb4 Bxb3 $17
) 19... Qd8 20. Rac1 Qf6 21. Bf1 Rxd1 22. Qxd1 Nf4 (22... Bg4 23. h3 Bxf3 24.
Qxf3 Qxf3 25. gxf3 $14) 23. Qd6 Rd8 24. Qc5 Bg4 25. Ne1 (25. Nd2 Be2 26. Bxf4
Qxf4 $36) 25... Kh7 26. Qb6 (26. f3 $5) 26... Rd7 27. h3 $6 (27. f3 $5) 27...
Be2 $1 28. Bxf4 Qxf4 29. Rxc6 $2 (29. Qe3 $5) 29... Rd1 30. Rc7 (30. Bxe2 Rxe1+
31. Bf1 bxc6 $19) 30... Rxe1 0-1

[Event "Vienna op"]
[Site "Vienna"]
[Date "1996.??.??"]
[Round "6"]
[White "Dreev, Alexey"]
[Black "Kveinys, Aloyzas"]
[Result "1-0"]
[WhiteElo "2645"]
[BlackElo "2530"]
[Annotator "Chekhov,V"]
[PlyCount "51"]
[EventDate "1996.??.??"]
[EventType "swiss"]
[EventRounds "9"]
[EventCountry "AUT"]
[SourceTitle "CBM 053 Extra"]
[Source "ChessBase"]
[SourceDate "1996.09.01"]
[SourceVersion "1"]
[SourceVersionDate "1996.09.01"]
[SourceQuality "1"]

1. d4 d6 2. e4 Nf6 3. Nc3 Nbd7 4. f4 e5 5. Nf3 exd4 6. Qxd4 c6 7. Be3 d5 (7...
Be7 8. Qd2 O-O 9. Bd3 Re8 10. O-O-O Qa5 11. Kb1 Bf8 12. Rhe1 $36 {Mokry,
K-Mikas,M/Pardubice/1994/1|0/35/}) 8. e5 (8. exd5 $5 Bc5 9. Qd3 Qe7 10. Nd4 Nb6
11. dxc6 O-O 12. O-O-O bxc6 13. Bg1 $16 {Polgar,J-Rivas Pastor,M/Dos Hermanas/
1993/1|0/15/}) (8. O-O-O Bc5 9. Qd3 Qe7 10. e5 Ng4 11. Bd4 Nf2 12. Bxf2 Bxf2
13. g3 Bb6 $132 {Stefansson,H-Lombardy,W/New York/1994/0,5/54/}) 8... Ng4 9.
Bg1 Bc5 10. Qd2 Bxg1 11. Rxg1 Qb6 12. Na4 $5 {N/} (12. h3 Nh2 13. Nd4 Nxf1 14.
Rxf1 Qxb2 15. Rb1 Qa3 16. Rf3 $146 {Palkovi,J-Miltner,A/Germany/1992/1|0/28/})
(12. O-O-O Nxh2 13. Nd4 Nxf1 14. Rdxf1 O-O 15. g4 Re8 16. Nf5 Nf8 17. Nd6 Re6
18. g5 $146 {Palas,M-Schmidt,S/Munich/1992/1|0/31/}) 12... Qe3+ (12... Qc7 13.
h3 Nh6 14. g4 $16) 13. Qxe3 Nxe3 14. Bd3 b5 15. Nc3 Nb6 (15... Nc5 $5 16. Ke2
Nxd3 (16... Nc4 $5) 17. cxd3 Nf5 18. g4 Ne7 19. d4 Bd7 20. Ke3 $16) 16. a3 (16.
Ke2 $5) 16... O-O (16... a6 $22 17. b3 c5) 17. b3 Rd8 $6 (17... Nf5 18. g4 Ne7
19. f5 Re8 20. Kf2 $36) (17... f6 $5) 18. Nd4 Bb7 19. Kf2 Nec4 (19... Ng4+ 20.
Kf3 Nh6 (20... Nxh2+ 21. Kg3 $18) 21. g4 $22 c5 22. Ndxb5 d4+ 23. Ne4 $18) 20.
Nce2 (20. bxc4 dxc4 $132) 20... g6 (20... Nd7 $4 21. bxc4 bxc4 22. Bf5 $18) 21.
a4 $1 Nb2 (21... a6 22. a5 Nd7 23. c3 Nb2 24. Bc2 Nc5 25. Ke3 $18) 22. a5 (22.
axb5 c5 23. Nc6 (23. Nf3 c4 $1) 23... Bxc6 24. bxc6 Nxd3+ 25. cxd3 Rdc8 26. Ra6
Rxc6 27. Rga1 $16) 22... Nxd3+ 23. cxd3 Nd7 24. a6 $18 Bc8 25. Nxc6 Re8 26. Nc3
1-0

[Event "Nabereznye Chelny"]
[Site "Nabereznye Chelny"]
[Date "1993.??.??"]
[Round "?"]
[White "Arkhipov, Sergey"]
[Black "Panchenko, Alexander N"]
[Result "1/2-1/2"]
[WhiteElo "2515"]
[BlackElo "2460"]
[Annotator "Chekhov,V"]
[PlyCount "74"]
[EventDate "1993.??.??"]
[EventType "tourn"]
[EventRounds "13"]
[EventCountry "RUS"]
[EventCategory "7"]
[SourceTitle "CBM 037"]
[Source "ChessBase"]
[SourceDate "1993.12.01"]
[SourceVersion "1"]
[SourceVersionDate "1993.12.01"]
[SourceQuality "1"]

1. e4 d6 2. d4 Nf6 3. f3 $5 e5 $6 (3... g6 $1 4. c4 Bg7 5. Nc3 O-O 6. Be3) (
3... d5 $5 4. e5 Nfd7 5. f4 c5 6. c3) 4. dxe5 dxe5 5. Qxd8+ Kxd8 6. Bc4 Be6 7.
Bxe6 fxe6 8. Be3 Bd6 9. Nd2 Ke7 10. Nh3 $1 $14 Nbd7 11. Nf2 (11. Ke2 $5) 11...
Rhg8 12. O-O-O $6 (12. Ke2 g5 13. g4 h5 14. h4 hxg4 15. hxg5 gxf3+ 16. Kxf3 $16
) 12... g5 13. g4 $1 Raf8 (13... h5 14. h4 $1 hxg4 15. hxg5 $18) 14. h4 h6 15.
hxg5 hxg5 16. Nc4 (16. Rh6 $5 Rg7 17. Nh3 Rfg8 (17... Nh7 $5) 18. Nc4 $16)
16... b6 17. Rh6 Rg7 18. Nd3 (18. Nh3 Nh7) (18. Rdh1 $5) 18... Ne8 $6 (18... a6
$5 {/\b5/}) 19. Rf1 Nef6 20. Rfh1 a6 21. Bd2 b5 $8 22. Na5 Nb8 23. Kd1 Nfd7 24.
Ke2 c5 25. R1h5 Rfg8 26. Rh7 $6 (26. Nb7 $5 c4 27. Nf2 Nc6 28. Nxd6 Nd4+ 29.
Kf1 Kxd6 30. Bb4+ Kc7 (30... Nc5 31. c3 Nxf3 32. Bxc5+ Kxc5 33. Rxe6 Rg6 34.
Rh6 Rxh6 35. Rxh6 Rf8 36. b4+ cxb3 37. axb3 Nd2+ 38. Ke2 Nxb3 39. Nd3+ Kc4 40.
Rc6+ $18) 31. c3 Nxf3 32. Rxe6 $16) 26... Rxh7 $1 27. Rxh7+ Kf6 $13 28. b3 Kg6
29. Rh5 Be7 30. Bc3 Bf6 31. Rh1 (31. Nb7 Rc8) 31... Rc8 32. Bb2 (32. Rd1 Rh8 $1
) 32... c4 $36 33. bxc4 bxc4 34. Nf2 Bd8 35. Bc3 Bxa5 36. Bxa5 Nc6 37. Bc3 Nc5
$5 (37... Nd4+ 38. Bxd4 exd4 $15) (37... Nc5 {/\Na4,c3|^/}) 1/2-1/2